| 000 | 00484 a2200145 4500 | ||
|---|---|---|---|
| 005 | 20250516134657.0 | ||
| 020 | _a0-697-15370-3 | ||
| 082 | _aLECT 371.904 SHE | ||
| 100 | _aSHEA, T. M. | ||
| 245 | _aLearners with Disabilities: A Social Systems Perspective of Special Education | ||
| 260 |
_aMadison, _bWCB Brown & Benchmark Publishers, _c1994. |
||
| 300 |
_axxvi, 493p.: ill.; figure, picture, table. _bGlossary, Index & Reference. _c27cm. |
||
| 700 | _aBAUER, A. M. | ||
| 942 |
_2ddc _cBKS |
||
| 999 |
_c2413 _d2413 |
||